Mensaje del honorable presidente Trujillo a la asamblea nacional ; y discurso del presidente de la misma Dr. M. de J. Troncoso de la Concha / (Registro nro. 31235)
[ vista simple ]
| 000 -CABECERA | |
|---|---|
| campo de control de longitud fija | 00881nam a2200157 a 4500 |
| 001 - NÚMERO DE CONTROL | |
| campo de control | 000031743 |
| 005 - FECHA Y HORA DE LA ÚLTIMA TRANSACCIÓN | |
| campo de control | 20200930063139.0 |
| 008 - DATOS DE LONGITUD FIJA--INFORMACIÓN GENERAL | |
| campo de control de longitud fija | 110701s1945 dr c 000 | spa d |
| 040 ## - FUENTE DE LA CATALOGACIÓN | |
| Centro catalogador/agencia de origen | DO-SdBNP |
| 110 1# - ENTRADA PRINCIPAL--NOMBRE DE ENTIDAD CORPORATIVA | |
| Nombre de entidad corporativa o nombre de jurisdicción como elemento de entrada | República Dominicana. |
| Unidad subordinada | Presidente (1942-1952 : Trujillo Molina) |
| 9 (RLIN) | 57164 |
| 245 10 - MENCIÓN DE TÍTULO | |
| Título | Mensaje del honorable presidente Trujillo a la asamblea nacional ; y discurso del presidente de la misma Dr. M. de J. Troncoso de la Concha / |
| Mención de responsabilidad, etc. | Rafael L. Trujillo, M. de J. Troncoso de la Concha. |
| 260 ## - PUBLICACIÓN, DISTRIBUCIÓN, ETC. | |
| Lugar de publicación, distribución, etc. | Ciudad Trujillo, República Dominicana : |
| Nombre del editor, distribuidor, etc. | Partido Dominicano, |
| Fecha de publicación, distribución, etc. | 1945. |
| 300 ## - DESCRIPCIÓN FÍSICA | |
| Extensión | 16 p. ; |
| Dimensiones | 24 cm. |
| 501 ## - NOTA DE "CON" | |
| Nota de “Con” | Publicado con: discurso del presidente de la misma Dr. M. de J. Troncoso de la Concha en el 101 aniversario de la Independencia Nacional |
| 700 ## - PUNTO DE ACCESO ADICIONAL--NOMBRE DE PERSONA | |
| Nombre de persona | Troncoso de la Concha, M. de J., |
| Título de la obra | Discurso del presidente de la misma Dr. M. de J. Troncoso de la Concha |
| 9 (RLIN) | 57987 |
| Estado de retiro | Estado de pérdida | No para préstamo | Código de colección | Localización permanente | Ubicación/localización actual | Ubicación en estantería | Fecha de adquisición | Número de inventario | Total de préstamos | Signatura topográfica completa | Código de barras | Fecha visto por última vez | Precio válido a partir de | Tipo de ítem Koha |
|---|---|---|---|---|---|---|---|---|---|---|---|---|---|---|
| Excluido de préstamo | Patrimonio Dominicano | Patrimonio Dominicano | Patrimonio Dominicano | En catalogación | 01.07.2011 | LF1 | 31743-10 | 25.06.2020 | 25.06.2020 | Libro y Folleto Colección Patrimonio Dominicano |
